[Event "GBR-ch87"]
[Site "Millfield"]
[Date "2000.08.07"]
[Round "7.12"]
[White "Pert, Nicholas"]
[Black "Willmoth, Robert"]
[Result "1-0"]
[WhiteElo "2455"]
[BlackElo "2211"]
[PlyCount "97"]
[EventDate "2000.07.31"]
[EventType "swiss"]
[EventRounds "11"]
[EventCountry "GBR"]
[SourceTitle "BritBase"]
[SourceDate "2008.07.14"]
[SourceVersion "1"]
[SourceVersionDate "2008.07.14"]
[SourceQuality "2"]

1. d4 d6 2. g3 g6 3. Bg2 Bg7 4. c4 e5 5. dxe5 dxe5 6. Qxd8+ Kxd8 7. Nc3 c6 8.
b3 Be6 9. Ne4 Nh6 10. Nf3 Nd7 11. Nfg5 Bf5 12. Nd6 Kc7 13. Ndxf7 Nxf7 14. Nxf7
Rhf8 15. Ng5 e4 16. Bf4+ Kc8 17. Rc1 Nf6 18. Be5 Bh6 19. h4 Nd7 20. Bf4 Nf6 21.
Rd1 Bg7 22. Be5 Re8 23. Nf7 Rxe5 24. Nxe5 Kc7 25. Bh3 Re8 26. Bxf5 gxf5 27. Nf7
Ng4 28. e3 h6 29. Nd6 Rf8 30. Ke2 Ne5 31. c5 Nd3 32. g4 fxg4 33. Nxe4 Ne5 34.
h5 a5 35. Rd6 Re8 36. Rhd1 Re7 37. Ng3 Rf7 38. Re6 Nd7 39. Re4 Nxc5 40. Rxg4 b5
41. Rg6 Bf8 42. f3 a4 43. Rc1 axb3 44. axb3 b4 45. Ne4 Nxb3 46. Rcxc6+ Kb7 47.
Rb6+ Ka7 48. Ra6+ Kb7 49. Rgb6+ 1-0

[Event "GBR-ch87"]
[Site "Millfield"]
[Date "2000.08.07"]
[Round "7.14"]
[White "Simutowe, Amon"]
[Black "Douglas, Timothy"]
[Result "1-0"]
[WhiteElo "2322"]
[BlackElo "2015"]
[PlyCount "75"]
[EventDate "2000.07.31"]
[EventType "swiss"]
[EventRounds "11"]
[EventCountry "GBR"]
[SourceTitle "BritBase"]
[SourceDate "2008.07.14"]
[SourceVersion "1"]
[SourceVersionDate "2008.07.14"]
[SourceQuality "2"]

1. d4 d6 2. c4 g6 3. e4 Bg7 4. Nc3 Nf6 5. Be2 O-O 6. Nf3 Na6 7. O-O e5 8. Re1
Qe8 9. Bf1 Bg4 10. dxe5 dxe5 11. h3 Bd7 12. b3 Kh8 13. Ba3 Rg8 14. Qd2 Rd8 15.
Rad1 Nh5 16. b4 c6 17. Qb2 Nf4 18. b5 Nb8 19. Bd6 f6 20. Qa3 g5 21. Nh2 Qh5 22.
Bxb8 g4 23. Ne2 gxh3 24. Nxf4 exf4 25. Bxf4 hxg2 26. Be2 Qg6 27. Rxd7 Rxd7 28.
Qh3 Qf7 29. Bg4 f5 30. Bxf5 Bb2 31. Ng4 Re7 32. Nh6 Qg7 33. Nxg8 Qxg8 34. bxc6
bxc6 35. Rb1 Be5 36. Bxe5+ Rxe5 37. Rb8 Qxb8 38. Qxh7# 1-0

[Event "GBR-ch87"]
[Site "Millfield"]
[Date "2000.08.07"]
[Round "7.15"]
[White "Jackson, Oliver"]
[Black "Buckley, Graeme"]
[Result "1-0"]
[WhiteElo "2209"]
[BlackElo "2351"]
[PlyCount "122"]
[EventDate "2000.07.31"]
[EventType "swiss"]
[EventRounds "11"]
[EventCountry "GBR"]
[SourceTitle "BritBase"]
[SourceDate "2008.07.14"]
[SourceVersion "1"]
[SourceVersionDate "2008.07.14"]
[SourceQuality "2"]

1. e4 c5 2. Nc3 Nc6 3. f4 g6 4. Nf3 Bg7 5. Bb5 Nd4 6. O-O Nxb5 7. Nxb5 d5 8. d3
a6 9. Nc3 Bxc3 10. bxc3 dxe4 11. dxe4 Qxd1 12. Rxd1 Nf6 13. Ng5 Bg4 14. Re1 Bd7
15. c4 Bc6 16. e5 Nh5 17. Rb1 h6 18. Ne4 O-O-O 19. Nxc5 Rd4 20. Nd3 Rxc4 21.
Re2 Rd8 22. Be3 a5 23. g3 Ng7 24. Nb2 Re4 25. Kf2 a4 26. Bc5 Rxe2+ 27. Kxe2 Rd7
28. Nc4 Rc7 29. Nb6+ Kb8 30. Rd1 Bb5+ 31. c4 Bxc4+ 32. Kf2 Ne6 33. Bxe7 Rxe7
34. Nxc4 Rc7 35. Ne3 Rc3 36. Rd2 b5 37. Rb2 Nd4 38. g4 Kb7 39. f5 gxf5 40. gxf5
Kc6 41. Rd2 Kc5 42. e6 Nxe6 43. fxe6 fxe6 44. Ng4 h5 45. Nf6 Kb4 46. Kg2 h4 47.
Ne4 Re3 48. Rd4+ Ka3 49. Kf2 Rh3 50. Kg2 Re3 51. Kf2 Rh3 52. Kg2 e5 53. Rxa4+
bxa4 54. Kxh3 Kb2 55. Kxh4 a3 56. Nd6 Kxa2 57. Nc4 e4 58. Kg4 Kb3 59. Nxa3 Kxa3
60. h4 Kb4 61. Kf4 Kc5 1-0

[Event "GBR-ch87"]
[Site "Millfield"]
[Date "2000.08.07"]
[Round "7.16"]
[White "Barton, R Alan"]
[Black "Koneru, Humpy"]
[Result "0-1"]
[WhiteElo "2145"]
[BlackElo "2286"]
[PlyCount "130"]
[EventDate "2000.07.31"]
[EventType "swiss"]
[EventRounds "11"]
[EventCountry "GBR"]
[SourceTitle "BritBase"]
[SourceDate "2008.07.14"]
[SourceVersion "1"]
[SourceVersionDate "2008.07.14"]
[SourceQuality "2"]

1. Nf3 Nf6 2. d4 g6 3. c4 Bg7 4. Nc3 d5 5. e3 O-O 6. Bd2 b6 7. cxd5 Nxd5 8. Be2
Bb7 9. O-O Nd7 10. Nxd5 Bxd5 11. Qc2 c5 12. e4 Bb7 13. d5 Qc7 14. Bc3 Bxc3 15.
Qxc3 Qf4 16. Nd2 Rad8 17. Rad1 Nf6 18. g3 Qb8 19. Bf3 Ne8 20. Rfe1 Nc7 21. a4
e6 22. Nc4 exd5 23. exd5 Bxd5 24. Ne5 Bxf3 25. Qxf3 Qa8 26. Qxa8 Rxa8 27. Rd7
Ne6 28. Nc6 a6 29. Red1 b5 30. axb5 axb5 31. Rb7 b4 32. Rdd7 Ra1+ 33. Kg2 Re1
34. h4 h5 35. Re7 Rc8 36. Na7 Rf8 37. Nc6 Nd8 38. Rxe1 Nxb7 39. Re7 Nd8 40. Ne5
Kg7 41. Nd7 Nc6 42. Re2 Nd4 43. Re5 Rd8 44. Nxc5 Nc6 45. Re2 Rd1 46. Nb3 Kf6
47. Rc2 Ne5 48. Nc5 Kf5 49. Re2 f6 50. Nb3 g5 51. hxg5 fxg5 52. Rd2 Rb1 53.
Nd4+ Ke4 54. Ne6 g4 55. Re2+ Kd5 56. Nf4+ Kd6 57. Rxe5 Kxe5 58. Nd3+ Ke4 59.
Nxb4 Rxb2 60. Nc6 Rb6 61. Nd8 Kf5 62. f4 Kf6 63. Kf2 Ke7 64. Ke3 Kxd8 65. f5
Rb4 0-1

[Event "GBR-ch87"]
[Site "Millfield"]
[Date "2000.08.07"]
[Round "7.17"]
[White "McFarland, Robert S"]
[Black "Spence, David J"]
[Result "1-0"]
[WhiteElo "2267"]
[BlackElo "2153"]
[PlyCount "79"]
[EventDate "2000.07.31"]
[EventType "swiss"]
[EventRounds "11"]
[EventCountry "GBR"]
[SourceTitle "BritBase"]
[SourceDate "2008.07.14"]
[SourceVersion "1"]
[SourceVersionDate "2008.07.14"]
[SourceQuality "2"]

1. Nf3 d5 2. c4 c6 3. b3 Nf6 4. g3 Bg4 5. Bg2 e6 6. Bb2 Nbd7 7. O-O Be7 8. d3
O-O 9. Nbd2 Rc8 10. a3 c5 11. h3 Bxf3 12. Nxf3 Qc7 13. Qc2 d4 14. b4 e5 15. Bc1
Ne8 16. e3 dxe3 17. Bxe3 b6 18. b5 f5 19. Ng5 Bxg5 20. Bxg5 Nef6 21. Bd2 Rce8
22. Rfe1 f4 23. g4 h5 24. g5 Nh7 25. Bd5+ Kh8 26. h4 Qd8 27. Qd1 g6 28. Qf3 Re7
29. Bc3 Rf5 30. Be4 Nxg5 31. hxg5 Rxg5+ 32. Kf1 Nf6 33. Ke2 Rg4 34. Rh1 g5 35.
Rxh5+ Kg8 36. Rah1 Qd7 37. Rh8+ Kf7 38. Qh3 Qe6 39. Qh6 Re8 40. Bg6+ 1-0

[Event "GBR-ch87"]
[Site "Millfield"]
[Date "2000.08.07"]
[Round "7.18"]
[White "Wise, David"]
[Black "Greet, Andrew"]
[Result "0-1"]
[WhiteElo "2173"]
[BlackElo "2266"]
[PlyCount "124"]
[EventDate "2000.07.31"]
[EventType "swiss"]
[EventRounds "11"]
[EventCountry "GBR"]
[SourceTitle "BritBase"]
[SourceDate "2008.07.14"]
[SourceVersion "1"]
[SourceVersionDate "2008.07.14"]
[SourceQuality "2"]

1. e4 c5 2. Nf3 d6 3. Bb5+ Nd7 4. d4 Ngf6 5. Nc3 a6 6. Bxd7+ Nxd7 7. O-O e6 8.
Be3 Be7 9. dxc5 Nxc5 10. Qd4 O-O 11. Rad1 Bd7 12. e5 d5 13. Qg4 Kh8 14. Rfe1
Rc8 15. Rd2 b5 16. Bg5 f6 17. Be3 f5 18. Qg3 h6 19. Bxc5 Rxc5 20. Nd4 Qe8 21.
Nce2 Qf7 22. Qh3 Kh7 23. f4 Rc4 24. Kh1 Bd8 25. a3 h5 26. Qe3 Rg8 27. g3 Ba5
28. c3 Bb6 29. Ng1 Rh8 30. Ngf3 Kg8 31. Ng5 Qe8 32. h4 g6 33. Qd3 Qc8 34. Ngf3
Kf7 35. Kg2 Ke7 36. Ne2 Qc7 37. Nfd4 Rc8 38. Red1 Qb7 39. Qb1 Ba7 40. Rd3 Qb6
41. b3 R4c7 42. b4 Rc4 43. R1d2 Qb7 44. Kh2 Bb6 45. Qf1 Ra8 46. Qb1 a5 47. Rb2
axb4 48. axb4 Ra3 49. Rb3 Ra4 50. Kh3 Rc8 51. Rd1 Qc7 52. Qd3 Qc4 53. Kg2 Ra2
54. Kf3 Rca8 55. Rbb1 R8a3 56. Rbc1 Rb2 57. Rb1 Rxb1 58. Qxb1 Bc6 59. Kg2 Bxd4
60. Nxd4 Qxc3 61. Nxc6+ Ke8 62. Rc1 Qxg3+ 0-1

[Event "GBR-ch87"]
[Site "Millfield"]
[Date "2000.08.07"]
[Round "7.19"]
[White "Rudd, Jack"]
[Black "Evans-Quek, Suan"]
[Result "1-0"]
[WhiteElo "2176"]
[BlackElo "2261"]
[PlyCount "67"]
[EventDate "2000.07.31"]
[EventType "swiss"]
[EventRounds "11"]
[EventCountry "GBR"]
[SourceTitle "BritBase"]
[SourceDate "2008.07.14"]
[SourceVersion "1"]
[SourceVersionDate "2008.07.14"]
[SourceQuality "2"]

1. e4 Nc6 2. d4 e5 3. dxe5 Nxe5 4. f4 Nc6 5. Nf3 Bb4+ 6. c3 Bc5 7. Bc4 Qe7 8.
Qe2 Nf6 9. e5 Ng4 10. Ng5 Nh6 11. b4 Bb6 12. b5 Na5 13. Ba3 Bc5 14. Bxc5 Qxc5
15. Bd3 b6 16. Bxh7 Bb7 17. Be4 O-O-O 18. Bxb7+ Nxb7 19. Ne4 Qe7 20. O-O d5 21.
Ng5 Nf5 22. Nd2 Kb8 23. Nb3 f6 24. Nf3 c5 25. bxc6 Nc5 26. Nbd4 Nxd4 27. cxd4
Ne4 28. a4 g5 29. fxg5 fxg5 30. Rfc1 Rc8 31. a5 g4 32. axb6 Rxc6 33. Rxc6 Qb4
34. Qa6 1-0

[Event "GBR-ch87"]
[Site "Millfield"]
[Date "2000.08.07"]
[Round "7.21"]
[White "Lilley, Graham"]
[Black "Briggs, Philip"]
[Result "1-0"]
[WhiteElo "2224"]
[BlackElo "2200"]
[PlyCount "77"]
[EventDate "2000.07.31"]
[EventType "swiss"]
[EventRounds "11"]
[EventCountry "GBR"]
[SourceTitle "BritBase"]
[SourceDate "2008.07.14"]
[SourceVersion "1"]
[SourceVersionDate "2008.07.14"]
[SourceQuality "2"]

1. c4 b6 2. Nc3 Bb7 3. e4 e6 4. Bd3 g6 5. Nf3 Bg7 6. O-O Ne7 7. Bc2 f5 8. d4
O-O 9. e5 Na6 10. Bf4 Nb4 11. Bb3 Be4 12. Bg5 h6 13. Bxe7 Qxe7 14. Nxe4 fxe4
15. Nd2 c5 16. Nxe4 cxd4 17. Qxd4 Nc6 18. Nf6+ Bxf6 19. exf6 Rxf6 20. Qe3 g5
21. Rad1 Raf8 22. Ba4 e5 23. Rd5 Re6 24. Rfd1 Nd4 25. Bxd7 Ref6 26. R5xd4 Rxf2
27. R4d2 R2f4 28. Bc6 Qf6 29. Bd5+ Kh8 30. h3 g4 31. hxg4 Qg5 32. Re2 Qxg4 33.
Qxe5+ R8f6 34. Rde1 h5 35. Qb8+ Kh7 36. Re7+ Kh6 37. Qh8+ Kg5 38. Rg7+ Rg6 39.
Rxg6+ 1-0

[Event "GBR-ch87"]
[Site "Millfield"]
[Date "2000.08.07"]
[Round "7.22"]
[White "Broomfield, Matthew"]
[Black "Vigus, James"]
[Result "1-0"]
[WhiteElo "2192"]
[BlackElo "2266"]
[PlyCount "67"]
[EventDate "2000.07.31"]
[EventType "swiss"]
[EventRounds "11"]
[EventCountry "GBR"]
[SourceTitle "BritBase"]
[SourceDate "2008.07.14"]
[SourceVersion "1"]
[SourceVersionDate "2008.07.14"]
[SourceQuality "2"]

1. d4 d6 2. Nc3 g6 3. g3 Bg7 4. Bg2 Nf6 5. e4 O-O 6. Nge2 e5 7. O-O Nc6 8. d5
Ne7 9. h3 Ne8 10. Be3 f5 11. Qd2 Nf6 12. exf5 Nxf5 13. Kh2 Bd7 14. Rfd1 Rf7 15.
a4 Nxe3 16. Qxe3 Qf8 17. Rf1 a6 18. Ng1 Re8 19. Rae1 h5 20. Nf3 Bh6 21. Qe2 e4
22. Nd4 Re5 23. Nxe4 Rfe7 24. Qd3 Nxe4 25. Bxe4 Bf5 26. f3 Bxe4 27. fxe4 Qe8
28. Ne6 Qxa4 29. Rf6 Kh7 30. Qf3 Qxc2+ 31. Re2 Qd1 32. Rf7+ Rxf7 33. Qxf7+ Kh8
34. Rf2 1-0

[Event "GBR-ch87"]
[Site "Millfield"]
[Date "2000.08.07"]
[Round "7.23"]
[White "Rayner, Francis"]
[Black "Tan, Desmond"]
[Result "1/2-1/2"]
[WhiteElo "2256"]
[BlackElo "2203"]
[PlyCount "40"]
[EventDate "2000.07.31"]
[EventType "swiss"]
[EventRounds "11"]
[EventCountry "GBR"]
[SourceTitle "BritBase"]
[SourceDate "2008.07.14"]
[SourceVersion "1"]
[SourceVersionDate "2008.07.14"]
[SourceQuality "2"]

1. c4 c5 2. Nf3 b6 3. Nc3 Bb7 4. e4 d6 5. d4 cxd4 6. Nxd4 Nf6 7. Bd3 e6 8. O-O
Be7 9. Qe2 O-O 10. Bd2 Nbd7 11. Rae1 Re8 12. f4 Bf8 13. Nf3 Nc5 14. Bb1 d5 15.
e5 Nfe4 16. Nxe4 dxe4 17. Ng5 h6 18. b4 Nd3 19. Nxe4 Nxe1 20. Bxe1 Rc8 1/2-1/2

[Event "GBR-ch87"]
[Site "Millfield"]
[Date "2000.08.07"]
[Round "7.25"]
[White "Binks, Michael E"]
[Black "Simons, Martin"]
[Result "0-1"]
[WhiteElo "2155"]
[BlackElo "2226"]
[PlyCount "25"]
[EventDate "2000.07.31"]
[EventType "swiss"]
[EventRounds "11"]
[EventCountry "GBR"]
[SourceTitle "BritBase"]
[SourceDate "2008.07.14"]
[SourceVersion "1"]
[SourceVersionDate "2008.07.14"]
[SourceQuality "2"]

1. d4 c5 2. d5 Nf6 3. c4 b5 4. cxb5 a6 5. bxa6 g6 6. Nc3 Bxa6 7. f4 Bg7 8. Nf3
Qa5 9. e4 Nxe4 10. Qc2 Nxc3 11. Bd2 Qa4 12. Bxc3 Qxc2 13. Bxg7 0-1

[Event "GBR-ch87"]
[Site "Millfield"]
[Date "2000.08.07"]
[Round "7.26"]
[White "Kemp, Peter D"]
[Black "Waters, Clive"]
[Result "1/2-1/2"]
[WhiteElo "2214"]
[BlackElo "2170"]
[PlyCount "163"]
[EventDate "2000.07.31"]
[EventType "swiss"]
[EventRounds "11"]
[EventCountry "GBR"]
[SourceTitle "BritBase"]
[SourceDate "2008.07.14"]
[SourceVersion "1"]
[SourceVersionDate "2008.07.14"]
[SourceQuality "2"]

1. d4 e6 2. Nf3 Nf6 3. c4 Bb4+ 4. Bd2 Bxd2+ 5. Nbxd2 d5 6. e3 O-O 7. Bd3 Nbd7
8. Qc2 dxc4 9. Nxc4 c5 10. O-O cxd4 11. Nxd4 Nc5 12. Rfd1 Nxd3 13. Qxd3 Bd7 14.
Ne5 Rc8 15. Qa3 Qc7 16. Nxd7 Nxd7 17. Nb5 Qb6 18. Nxa7 Ra8 19. Rxd7 Rxa7 20.
Rd6 Rxa3 21. Rxb6 Ra7 22. a3 Rd8 23. Kf1 Kf8 24. Rc1 Rd7 25. Ke2 Ke7 26. Rc8
Rd8 27. Rc4 Rd6 28. Rxd6 Kxd6 29. Rg4 g6 30. Rd4+ Kc6 31. e4 Ra5 32. Kd3 f5 33.
exf5 exf5 34. Rd8 Rb5 35. b4 Re5 36. a4 Re1 37. Rd4 Ra1 38. Rc4+ Kd5 39. a5 Rg1
40. g3 Rb1 41. h4 Rb2 42. Rf4 Kc6 43. Kc4 Rc2+ 44. Kb3 Re2 45. Rc4+ Kb5 46.
Rc5+ Ka6 47. Rc2 Re1 48. Rd2 Rb1+ 49. Kc3 Rc1+ 50. Kb2 Rf1 51. Kc3 Rc1+ 52. Rc2
Re1 53. Kd3 Re4 54. Rc4 Re7 55. h5 Kb5 56. hxg6 hxg6 57. Kc3 Re2 58. Rc7 Ka6
59. Rg7 Rxf2 60. Rxg6+ Ka7 61. b5 f4 62. g4 Ra2 63. a6 f3 64. Rg7 Ka8 65. axb7+
Kb8 66. Rf7 Rg2 67. Rxf3 Rxg4 68. Rd3 Kxb7 69. Rd4 Rxd4 70. Kxd4 Kb6 71. Kc4
Kb7 72. Kb3 Kc7 73. Kc3 Kb6 74. Kb4 Kb7 75. Kc5 Kc7 76. b6+ Kb7 77. Kb5 Kb8 78.
Kb4 Kc8 79. Ka4 Kb8 80. Kb5 Kb7 81. Kc5 Kb8 82. Kc6 1/2-1/2

[Event "GBR-ch87"]
[Site "Millfield"]
[Date "2000.08.07"]
[Round "7.27"]
[White "Aarthie, Ramaswamy"]
[Black "Morgan, Ben"]
[Result "0-1"]
[WhiteElo "2319"]
[BlackElo "2035"]
[PlyCount "84"]
[EventDate "2000.07.31"]
[EventType "swiss"]
[EventRounds "11"]
[EventCountry "GBR"]
[SourceTitle "BritBase"]
[SourceDate "2008.07.14"]
[SourceVersion "1"]
[SourceVersionDate "2008.07.14"]
[SourceQuality "2"]

1. e4 c5 2. Nf3 Nc6 3. d4 cxd4 4. Nxd4 g6 5. c4 Bg7 6. Be3 Nf6 7. Nc3 O-O 8.
Be2 d6 9. O-O Bd7 10. Nb3 a5 11. Nd2 Nb4 12. Rc1 Bc6 13. f3 Nd7 14. Nb3 a4 15.
Nd4 a3 16. b3 Nc5 17. Qd2 Ne6 18. f4 Qa5 19. Nxe6 fxe6 20. Bg4 Rf6 21. Bf2 e5
22. Bh4 exf4 23. Bxf6 Bxf6 24. Nd5 Bxd5 25. exd5 Qc5+ 26. Kh1 Be5 27. Rf3 Rf8
28. Rcf1 Kg7 29. Be6 Rf6 30. h4 Bd4 31. Qe2 Be3 32. Rd1 Bd4 33. Rh3 h5 34. g4
fxg3 35. Rxg3 Bf2 36. Rg2 Qe3 37. Qxh5 Rxe6 38. Qg4 Rf6 39. Rf1 Nd3 40. h5 Ne5
41. Qd1 Qe4 42. hxg6 Rf4 0-1

[Event "GBR-ch87"]
[Site "Millfield"]
[Date "2000.08.07"]
[Round "7.28"]
[White "Snape, Ian"]
[Black "Hempson, Peter"]
[Result "1-0"]
[WhiteElo "2170"]
[BlackElo "2219"]
[PlyCount "57"]
[EventDate "2000.07.31"]
[EventType "swiss"]
[EventRounds "11"]
[EventCountry "GBR"]
[SourceTitle "BritBase"]
[SourceDate "2008.07.14"]
[SourceVersion "1"]
[SourceVersionDate "2008.07.14"]
[SourceQuality "2"]

1. c4 e5 2. Nc3 d6 3. g3 f5 4. Bg2 Nf6 5. d3 Be7 6. e4 Nc6 7. Nge2 O-O 8. O-O
a6 9. Nd5 Kh8 10. h3 Bd7 11. Be3 fxe4 12. dxe4 Be6 13. Nec3 Qd7 14. Kh2 Rf7 15.
f4 g6 16. Nxe7 Nxe7 17. fxe5 dxe5 18. Nd5 Neg8 19. Qb3 b5 20. Qc3 bxc4 21. Qxe5
Bxd5 22. exd5 h5 23. Rf4 Kh7 24. Raf1 Re7 25. Qd4 Rae8 26. Bd2 Re5 27. Rxf6
Nxf6 28. Rxf6 Qe7 29. Rf2 1-0

[Event "GBR-ch87"]
[Site "Millfield"]
[Date "2000.08.07"]
[Round "7.29"]
[White "Frost, Nicholas"]
[Black "Freeman, Gordon"]
[Result "1-0"]
[WhiteElo "2164"]
[BlackElo "2047"]
[PlyCount "83"]
[EventDate "2000.07.31"]
[EventType "swiss"]
[EventRounds "11"]
[EventCountry "GBR"]
[SourceTitle "BritBase"]
[SourceDate "2008.07.14"]
[SourceVersion "1"]
[SourceVersionDate "2008.07.14"]
[SourceQuality "2"]

1. e4 c5 2. Nc3 Nc6 3. g3 g6 4. Bg2 Bg7 5. d3 d6 6. f4 e6 7. Nf3 Nge7 8. O-O
O-O 9. Be3 Nd4 10. e5 Bd7 11. Ne4 Nef5 12. Bf2 Bc6 13. c3 Nxf3+ 14. Bxf3 dxe5
15. Bxc5 exf4 16. Bxf8 Kxf8 17. Qe2 fxg3 18. Nxg3 Qg5 19. Qf2 Be5 20. Bxc6 Bxg3
21. hxg3 bxc6 22. Qf4 Qxg3+ 23. Qxg3 Nxg3 24. Rf3 Nf5 25. Re1 h5 26. Re5 Ke7
27. Ra5 g5 28. Rh3 h4 29. Ra4 Nd6 30. Kf2 f5 31. Ra5 Kf6 32. Ra6 Rh8 33. Rxc6
Nf7 34. d4 g4 35. Rh1 f4 36. d5 Nd8 37. Ra6 h3 38. Re1 h2 39. dxe6 Re8 40. e7+
Kg5 41. Re5+ Kh4 42. Rh6# 1-0

[Event "GBR-ch87"]
[Site "Millfield"]
[Date "2000.08.07"]
[Round "7.30"]
[White "Buckley, Melanie"]
[Black "Freeman, Richard CP"]
[Result "1-0"]
[WhiteElo "2124"]
[BlackElo "2025"]
[PlyCount "165"]
[EventDate "2000.07.31"]
[EventType "swiss"]
[EventRounds "11"]
[EventCountry "GBR"]
[SourceTitle "BritBase"]
[SourceDate "2008.07.14"]
[SourceVersion "1"]
[SourceVersionDate "2008.07.14"]
[SourceQuality "2"]

1. e4 Nc6 2. Nc3 e6 3. d4 d5 4. e5 Qd7 5. Nf3 b6 6. Bb5 Bb7 7. O-O f6 8. exf6
gxf6 9. Qe2 O-O-O 10. a4 Nh6 11. a5 Nf5 12. axb6 axb6 13. Ba6 Nb8 14. Bxb7+
Kxb7 15. Nb5 Bd6 16. Ra7+ Kc8 17. Bd2 Qe8 18. Re1 Kd7 19. Bb4 Nc6 20. Bxd6 Nxa7
21. Nxc7 Qf7 22. Bf4 Nd6 23. Bxd6 Kxd6 24. Nb5+ Nxb5 25. Qxb5 Qc7 26. c4 dxc4
27. Nd2 Rc8 28. Ne4+ Ke7 29. Qb4+ Kf7 30. Nd6+ Kg7 31. Nxc8 Rxc8 32. Rxe6 Qf4
33. d5 Ra8 34. Re1 Qd4 35. Qe7+ Kg6 36. d6 Ra2 37. Qe8+ Kh6 38. Qf8+ Kg6 39.
Qe8+ Kh6 40. Qe3+ Qxe3 41. fxe3 Ra7 42. Rd1 Rd7 43. Rd4 b5 44. Kf2 Kg6 45. Rd5
Kf7 46. Ke2 Ke6 47. Rxb5 Kxd6 48. Rb6+ Ke5 49. Rc6 Rb7 50. Rxc4 Rxb2+ 51. Kf3
Kf5 52. h3 Ra2 53. g4+ Kg6 54. h4 Rh2 55. h5+ Kg5 56. Kg3 Re2 57. Rc5+ Kh6 58.
Kf3 Ra2 59. Rc6 Kg5 60. Rc7 Kh6 61. Rc6 Kg5 62. Rc7 Kh6 63. Rf7 Ra6 64. Kf4 Rb6
65. e4 Ra6 66. Kf5 Ra5+ 67. Kxf6 Ra1 68. g5+ Kxh5 69. Rxh7+ Kg4 70. e5 Rf1+ 71.
Ke6 Kxg5 72. Rg7+ Kh6 73. Rg2 Rd1 74. Ke7 Re1 75. e6 Rd1 76. Ke8 Re1 77. e7 Rd1
78. Rg4 Rd2 79. Kf7 Rf2+ 80. Ke6 Re2+ 81. Kf6 Rf2+ 82. Ke5 Re2+ 83. Re4 1-0

[Event "GBR-ch87"]
[Site "Millfield"]
[Date "2000.08.07"]
[Round "7.31"]
[White "Homer, Stephen"]
[Black "Obiamiwe, Paul"]
[Result "1-0"]
[WhiteElo "2030"]
[BlackElo "2065"]
[PlyCount "125"]
[EventDate "2000.07.31"]
[EventType "swiss"]
[EventRounds "11"]
[EventCountry "GBR"]
[SourceTitle "BritBase"]
[SourceDate "2008.07.14"]
[SourceVersion "1"]
[SourceVersionDate "2008.07.14"]
[SourceQuality "2"]

1. e4 e5 2. Nf3 Nc6 3. Bb5 a6 4. Ba4 Nf6 5. Qe2 b5 6. Bb3 Bc5 7. O-O d6 8. h3
O-O 9. c3 Bb7 10. Rd1 Qe7 11. d3 h6 12. Nh4 Kh7 13. Nf5 Qd8 14. d4 Bb6 15. Be3
exd4 16. cxd4 Na5 17. f3 Nxb3 18. axb3 Ng8 19. Qd2 Qf6 20. d5 Bxe3+ 21. Nxe3
Ne7 22. Na3 Rad8 23. Rac1 c5 24. dxc6 Bxc6 25. Ng4 Qg6 26. Qa5 Qg5 27. Nc2 h5
28. Nge3 Bb7 29. Qc7 Bc8 30. h4 Qxh4 31. Rxd6 Rxd6 32. Qxd6 Ng6 33. Rd1 Qe7 34.
Nb4 Qxd6 35. Rxd6 a5 36. Nc6 a4 37. b4 Be6 38. Nd4 Bc4 39. Nxc4 bxc4 40. b5 Ne5
41. Ra6 Nd3 42. Rxa4 Nxb2 43. Rb4 c3 44. b6 Rb8 45. Kf1 Nd3 46. Rb5 g6 47. b7
Nb2 48. Ke2 c2 49. Nxc2 Nc4 50. e5 Nxe5 51. Nb4 Nd7 52. Nc6 Re8+ 53. Kd3 Re6
54. Rd5 Rxc6 55. Rxd7 Rb6 56. Rxf7+ Kh6 57. Kc4 Kg5 58. Kc5 Rb2 59. g3 Rb1 60.
Kc6 Rb2 61. Kc7 Rc2+ 62. Kd8 Rb2 63. Kc8 1-0

[Event "GBR-ch87"]
[Site "Millfield"]
[Date "2000.08.07"]
[Round "7.32"]
[White "McDonnell, James"]
[Black "Pleasants, Allan"]
[Result "1/2-1/2"]
[WhiteElo "2050"]
[BlackElo "2040"]
[PlyCount "101"]
[EventDate "2000.07.31"]
[EventType "swiss"]
[EventRounds "11"]
[EventCountry "GBR"]
[SourceTitle "BritBase"]
[SourceDate "2008.07.14"]
[SourceVersion "1"]
[SourceVersionDate "2008.07.14"]
[SourceQuality "2"]

1. e4 g6 2. d4 Bg7 3. Nc3 d6 4. f4 Nc6 5. Nf3 Bg4 6. Be3 e6 7. Be2 Nf6 8. O-O
O-O 9. h3 Bxf3 10. Bxf3 d5 11. e5 Nd7 12. g4 f5 13. gxf5 gxf5 14. Ne2 Qh4 15.
Kh2 Bh6 16. c3 Ne7 17. Qe1 Ng6 18. Rg1 Kh8 19. Qxh4 Nxh4 20. Bh5 Rg8 21. Rxg8+
Rxg8 22. Rg1 Rxg1 23. Nxg1 Kg8 24. Kg3 Ng6 25. Bd1 Nb6 26. b3 Bf8 27. Nf3 h6
28. Ne1 Be7 29. Nd3 Nd7 30. c4 c6 31. cxd5 cxd5 32. Nc5 Nxc5 33. dxc5 Bh4+ 34.
Kf3 a6 35. Bd2 Ne7 36. b4 Nc6 37. Bc3 Kf7 38. a4 Be7 39. Be2 d4 40. Bd2 a5 41.
bxa5 Bxc5 42. a6 bxa6 43. Bxa6 Bb6 44. Ke2 Ke7 45. Kd3 Kd8 46. Kc4 Kc7 47. Bb5
Na5+ 48. Kd3 Nb3 49. Bb4 Nc5+ 50. Ke2 Ne4 51. Be1 1/2-1/2

[Event "GBR-ch87"]
[Site "Millfield"]
[Date "2000.08.07"]
[Round "7.33"]
[White "Evans-Quek, Debbie"]
[Black "Howell, David W"]
[Result "1-0"]
[WhiteElo "2046"]
[BlackElo "2020"]
[PlyCount "89"]
[EventDate "2000.07.31"]
[EventType "swiss"]
[EventRounds "11"]
[EventCountry "GBR"]
[SourceTitle "BritBase"]
[SourceDate "2008.07.14"]
[SourceVersion "1"]
[SourceVersionDate "2008.07.14"]
[SourceQuality "2"]

1. e4 e5 2. Nf3 Nc6 3. Bb5 a6 4. Bxc6 dxc6 5. b3 Bd6 6. Bb2 f6 7. d3 Ne7 8.
Nbd2 b5 9. a4 Bb7 10. Qe2 O-O 11. O-O Qd7 12. h3 Ng6 13. Nh2 Nf4 14. Qg4 Qf7
15. Kh1 c5 16. f3 h5 17. Qg3 g5 18. Rfe1 Qe6 19. Nhf1 Kf7 20. Ne3 Rh8 21. Nf5
g4 22. Nf1 Rag8 23. fxg4 hxg4 24. h4 Rh5 25. N1e3 Bf8 26. Kg1 Qd7 27. axb5 axb5
28. Kf2 Bc6 29. Rh1 Rg6 30. Ke1 Nxd3+ 31. cxd3 Qxd3 32. Ra7 Qb1+ 33. Nd1 Qxe4+
34. Nde3 Rxf5 35. Rxc7+ Ke6 36. h5 Rgg5 37. h6 Rh5 38. Rxh5 Rxh5 39. Rxc6+ Kf7
40. Rc7+ Be7 41. Kf2 Qb1 42. Bxe5 Rh1 43. Qxg4 Qe1+ 44. Kf3 Rxh6 45. Bd6 1-0

[Event "GBR-ch87"]
[Site "Millfield"]
[Date "2000.08.07"]
[Round "7.34"]
[White "Hebbes, Tim"]
[Black "Orton, Stephen"]
[Result "1-0"]
[WhiteElo "2121"]
[BlackElo "2045"]
[PlyCount "57"]
[EventDate "2000.07.31"]
[EventType "swiss"]
[EventRounds "11"]
[EventCountry "GBR"]
[SourceTitle "BritBase"]
[SourceDate "2008.07.14"]
[SourceVersion "1"]
[SourceVersionDate "2008.07.14"]
[SourceQuality "2"]

1. e4 c5 2. Nf3 d6 3. d4 cxd4 4. Nxd4 Nf6 5. Nc3 Nc6 6. Nb3 a6 7. a4 b6 8. Be2
Bb7 9. f4 e6 10. Be3 Qc7 11. O-O Be7 12. Qe1 O-O 13. Qg3 g6 14. f5 Ne5 15. Bg5
Rac8 16. Qh4 Ned7 17. Bg4 exf5 18. exf5 Ne5 19. Bh3 Qd8 20. fxg6 fxg6 21. Be6+
Kh8 22. Bxc8 Bxc8 23. Nd4 h5 24. Rf4 Kg7 25. Raf1 Neg4 26. h3 Ne3 27. Re1 Nf5
28. Rxf5 Bxf5 29. Nc6 1-0